هيا نلعب / (رقم التسجيلة. 58957)

تفاصيل مارك
000 -LEADER
fixed length control field 00662nam a22001937a 4500
005 - DATE AND TIME OF LATEST TRANSACTION
control field 20251108171206.0
008 - FIXED-LENGTH DATA ELEMENTS--GENERAL INFORMATION
fixed length control field 250721s9999 xx 000 0 ara d
082 14 - DEWEY DECIMAL CLASSIFICATION NUMBER
Classification number ط/372.21/رات
100 1# - MAIN ENTRY--PERSONAL NAME
Personal name راتب، نيفين
245 10 - TITLE STATEMENT
Title هيا نلعب /
264 1# - PRODUCTION, PUBLICATION, DISTRIBUTION, MANUFACTURE, AND COPYRIGHT NOTICE
Place of production, publication, distribution, manufacture بيروت :
Name of producer, publisher, distributor, manufacturer دار أصالة للنشر و التوزيع،
Date of production, publication, distribution, manufacture, or copyright notice [19-].
490 0# - SERIES STATEMENT
Series statement كلمة كلمة : المرحلة الثانية
Volume/sequential designation 2
650 17 - SUBJECT ADDED ENTRY--TOPICAL TERM
Topical term or geographic name as entry element تعليم القراءة
650 17 - SUBJECT ADDED ENTRY--TOPICAL TERM
Topical term or geographic name as entry element التعليم ما قبل المدرسة
653 ## - INDEX TERM--UNCONTROLLED
Uncontrolled term أطفال ما قبل المدرسة (0-5) سنوات
700 1# - ADDED ENTRY--PERSONAL NAME
Personal name السيد، شريف
Relator term Cart.
942 ## - ADDED ENTRY ELEMENTS (KOHA)
Source of classification or shelving scheme Dewey Decimal Classification
Koha item type كتب
المقتنيات
حالة السحب حالة الفقدان مصدر التصنيف حالة التلف غير قابل للإعارة المكتبة الرئيسية المكتبة الحالية موقع الرف تاريخ التزويد الرقم المتسلسل Total Checkouts رقم الإستدعاء تاريخ آخر ظهور تاريخ الفاتورة نوع المادة (كوها) الباركود
    Dewey Decimal Classification     مكتبة أم المؤمنين للأطفال مكتبة أم المؤمنين للأطفال الأطفال 28/07/2025 498854   ط/372.21/رات 28/07/2025 28/07/2025 كتب 498854
    Dewey Decimal Classification Unchecked   مكتبة الاميرة بديعة مكتبة الاميرة بديعة الأطفال 28/07/2025 498858   ط/372.21/رات 28/07/2025 28/07/2025 كتب  
    Dewey Decimal Classification Unchecked   مكتبة الجويدة مكتبة الجويدة الأطفال 28/07/2025 498859   ط/372.21/رات 28/07/2025 28/07/2025 كتب  
    Dewey Decimal Classification     مكتبة بدر الجديدة للأطفال مكتبة بدر الجديدة للأطفال الأطفال 17/10/2015 498875   ط/372.21/رات 28/07/2025 17/10/2015 كتب PLD00356520
Implemented & Customized by: BBB with SCIT (Smart Chains for Information Technology)

Powered by Koha